000 00750nam a2200253Ia 4500
003 OSt
005 20220926025841.0
006 a|||||r|||| 00| 0
007 ta
008 220923b |||||||| |||| 00| 0 eng d
037 _cGeneral Book
040 _aRTL
_cRTL
_beng
041 _2eng
_aeng
082 _aXM8:97, L7
100 _aMorgan Alun
_9333067
245 0 _aIndustrail relations and employment impact of mult
260 _aParis
_bO E C D
_c1977
300 _a42p
_ccm.
490 _aOrganisation for Economic Cooperation and Development, Publication
650 _aMultinational
700 _a Blanpain Roger
_9333068
942 _hXM8:97, L7
_cGB
_2CC
999 _c648102
_d648102